Papers on bacterial genetics

Bewaard in:
Bibliografische gegevens
Hoofdauteur: Adelberg, Edward A
Formaat: Boek
Taal:Engels
Gepubliceerd in: Boston Little, Brown and Company 1960
Onderwerpen:
Tags: Voeg label toe
Geen labels, Wees de eerste die dit record labelt!

MARC

LEADER 00000nam a2200000 a 4500
001 UCT5219
003 CL-VaPUC
005 20250424171449.0
008 961205e19600000US |||||||||||||||||eng|d
999 |c 254209  |d 254207 
040 |c Pontificia Universidad Católica de Valparaíso 
082 0 4 |a 589.901 ADE 1960  |2 21 
100 0 |a Adelberg, Edward A  |9 374553 
245 1 0 |a Papers on bacterial genetics 
260 0 3 |a Boston  |b Little, Brown and Company  |c 1960 
300 |a 400 páginas 
583 |a last modification  |c 19961205 00:00:00  |k Rodrigo Vera 
650 0 |a Bacterias  |9 298237 
650 0 |a Organismos vivos  |9 264556 
650 0 |a Genética  |9 259443 
650 0 |a Virus  |9 316452 
650 7 |a PROTEINAS  |2 CL-VaPUC  |9 374555 
650 0 |a Ácido desoxirribonucleico (ADN)  |9 361158 
650 0 |a Herencia  |9 256325 
942 |c BK  |2 ddc 
945 |d 19961205 00:00:00  |a paguirre 
952 |0 0  |1 0  |2 ddc  |4 0  |6 589_901000000000000_ADE_1960  |7 0  |8 A  |9 275684  |a BIBCUR  |b BIBCUR  |d 2019-11-19  |i 1794701  |o 589.901 ADE 1960  |p 1794701  |r 2025-04-22  |t 1  |w 2019-11-19  |y BK  |k BIO